| 000 | 01123nam a2200337 i 4500 | ||
|---|---|---|---|
| 003 | EG-ScBUE | ||
| 005 | 20250114101033.0 | ||
| 008 | 150818t2003 nyu f r 000 0 eng d | ||
| 020 | _a0071410473 (acid-free paper) | ||
| 020 | _a9780071410472 | ||
| 040 |
_aEG-ScBUE _beng _erda _cEG-ScBUE _dEG-ScBUE |
||
| 082 | 0 | 4 |
_a520.3 _bMCG _222 |
| 245 | 0 | 0 | _aMcGraw-Hill dictionary of astronomy. |
| 246 | 3 | 0 | _aDictionary of astronomy |
| 250 | _aSecond edition. | ||
| 264 | 1 |
_aNew York : _bMcGraw-Hill, _c[2003] |
|
| 264 | 4 | _cc2003 | |
| 300 |
_ax, 180 pages ; _c22 cm |
||
| 336 |
_2rdacontent _atext _btxt |
||
| 337 |
_aunmediated _2rdamedia _bn |
||
| 338 |
_avolume _bnc _2rdacarrier |
||
| 500 | _a"All text in the dictionary was published previously in the McGraw-Hill dictionary of scientific and technical terms, sixth edition, c2003 ..."--T.p. verso. | ||
| 590 | _adoha | ||
| 650 | 7 |
_aAstronomy _vDictionaries. _2BUEsh |
|
| 650 | 7 |
_aAstrophysics _vDictionaries. _2BUEsh |
|
| 650 | 7 |
_aAerospace engineering _vDictionaries. _2BUEsh |
|
| 651 | _2BUEsh | ||
| 653 | _cAugust2015 | ||
| 655 | _vReading book | ||
| 942 |
_cNB _2ddc |
||
| 999 |
_c9079 _d9079 |
||